| 000 | 00477nam a2200193Ia 4500 | ||
|---|---|---|---|
| 005 | 20250423100210.0 | ||
| 008 | 250422s9999 xx 000 0 und d | ||
| 020 | _a9780273789987 | ||
| 050 | _aHB 172 .P47/ | ||
| 100 | _aPerloff, Jeffrey M. | ||
| 245 | 0 | _aMicroeconomics with calculus | |
| 250 | _a3rd ed. | ||
| 260 | _aHarlow | ||
| 260 | _bPearson | ||
| 260 | _c2014 | ||
| 300 | _a800 p | ||
| 650 | _aMicroeconomics. Economics, Mathematical. Calculus. | ||
| 942 | _cBK | ||
| 999 |
_c32577 _d32577 |
||